popularne napoje - Statystyki

Ogólne statystyki
  • Ten quiz został rozwiązany 1 468 razy
  • Średni wynik to 6 z 9
Statystyki odpowiedzi
napoje: % Poprawnych
coca-cola
100%
pepsi
97%
fanta
89%
sprite
85%
mirinda
82%
7 up
63%
lipton
51%
nestea
20%
schweppes
8%
Nie znaleziono quizów pasujących do podanych kryteriów
Rozkład punktacji
Procent ludzi z każdym wynikiem
Percentyl według liczby udzielonych odpowiedzi
Twoja historia wyników
Nie rozwiązałeś tego quizu